000
00290nam a22001217a 4500
008
211014b ||||| |||| 00| 0 eng d
041
_a
eng
080
_a
611
100
_a
6
101
_a
ANA
245
_a
Fundamental Cardiovascular and Pulmonary Physiology
_c
Green,J.F
942
_2
udc
_c
BK
999
_c
58222
_d
58222